000 00650cam a22002173a 4500
001 19846
003 PGUSA
005 20140828083424.0
008 061117s2006||||xxu|||||s|||||000 | eng d
040 _aPGUSA
_beng
042 _adc
050 4 _aAE
245 1 0 _aEncyclopaedia Britannica, 11th Edition, Volume 4, Part 4 :
_b"Bulgaria" to "Calgary"
_h[electronic resource] /
_cVarious
260 _bProject Gutenberg,
_c2006
506 _aPublic domain in the USA.
516 _aElectronic text
653 _aEncyclopedias and dictionaries
830 0 _aProject Gutenberg
_v19846
856 4 0 _uhttp://www.gutenberg.org/ebooks/19846
942 _cEB
999 _c249101
_d249101